| 000 | 00348nam a2200121Ia 4500 | ||
|---|---|---|---|
| 008 | 220204s9999 xx 000 0 und d | ||
| 082 |
_a577.352.462 _bJUN |
||
| 245 | 0 | _aWater relations in membrane transport in plants and animals | |
| 260 |
_aNew York _bAcademic _c1977 |
||
| 650 | _aMembrane transport | ||
| 700 | _aJUNGREIS, Arthur M | ||
| 942 | _cBK | ||
| 999 |
_c26649 _d26649 |
||